الندوة القومية لدراسة المخطط الشامل لتنمية قطاع إنتاج اللحوم و الترويج لمشروعاته في الوطن العربي / (رقم التسجيلة. 95059)

تفاصيل مارك
000 -LEADER
fixed length control field 00877nam a22001817a 4500
005 - DATE AND TIME OF LATEST TRANSACTION
control field 20251108173045.0
008 - FIXED-LENGTH DATA ELEMENTS--GENERAL INFORMATION
fixed length control field 250721s1999 xx 000 0 ara d
082 14 - DEWEY DECIMAL CLASSIFICATION NUMBER
Classification number 636.956/ندو
111 2# - MAIN ENTRY--MEETING NAME
Meeting name or jurisdiction name as entry element الندوة القومية لدراسة المخطط الشامل لتنمية قطاع إنتاج اللحوم و الترويج لمشروعاته في الوطن العربي
Location of meeting القاهرة
Date of meeting 22-24/9/1998
245 10 - TITLE STATEMENT
Title الندوة القومية لدراسة المخطط الشامل لتنمية قطاع إنتاج اللحوم و الترويج لمشروعاته في الوطن العربي /
264 1# - PRODUCTION, PUBLICATION, DISTRIBUTION, MANUFACTURE, AND COPYRIGHT NOTICE
Place of production, publication, distribution, manufacture الخرطوم :
Name of producer, publisher, distributor, manufacturer المنظمة العربية للتنمية الزراعية،
Date of production, publication, distribution, manufacture, or copyright notice 1999.
300 ## - PHYSICAL DESCRIPTION
Extent 527ص
650 17 - SUBJECT ADDED ENTRY--TOPICAL TERM
Topical term or geographic name as entry element الحيوانات الزراعية
650 17 - SUBJECT ADDED ENTRY--TOPICAL TERM
Topical term or geographic name as entry element اللحوم
650 17 - SUBJECT ADDED ENTRY--TOPICAL TERM
Topical term or geographic name as entry element الإنتاج
942 ## - ADDED ENTRY ELEMENTS (KOHA)
Source of classification or shelving scheme Dewey Decimal Classification
Koha item type كتب
المقتنيات
حالة السحب حالة الفقدان مصدر التصنيف حالة التلف غير قابل للإعارة المكتبة الرئيسية المكتبة الحالية موقع الرف تاريخ التزويد الرقم المتسلسل Total Checkouts رقم الإستدعاء الباركود تاريخ آخر ظهور تاريخ الفاتورة نوع المادة (كوها)
    Dewey Decimal Classification     مكتبة الأميرة ايمان العامة مكتبة الأميرة ايمان العامة الإعارة 28/07/2025 758942   636.956/ندو 758942 28/07/2025 28/07/2025 كتب
Implemented & Customized by: BBB with SCIT (Smart Chains for Information Technology)

Powered by Koha